[Event "Manizales op 30th"]
[Site "Manizales"]
[Date "2025.01.11"]
[Round "7"]
[White "Pinzon, Luis Guillermo"]
[Black "Lopez Londono, Alejandro"]
[Result "1-0"]
[WhiteElo "1769"]
[BlackElo "1692"]
[PlyCount "43"]
[EventDate "2025.01.08"]
[EventType "tourn"]
[EventRounds "7"]
[EventCountry "COL"]
[SourceTitle "CB03_2025"]
[SourceDate "2025.01.15"]
[SourceVersion "1"]
[SourceVersionDate "2025.01.15"]
[SourceQuality "1"]

1. e4 c5 2. Nf3 a6 3. c3 d5 4. exd5 Qxd5 5. d4 cxd4 6. cxd4 Bg4 7. Be2 Nc6 8. Nc3 Qd6 9. 0-0 Nf6 10. d5 Nb4 11. Bc4 0-0-0 12. a3 Nbxd5 13. Nxd5 Nxd5 14. Qb3 Be6 15. Rd1 Qb6 16. Qc2 Qc6 17. Nd4 Qc7 18. Nxe6 fxe6 19. Qe4 Qc6 20. Bd2 g6 21. Rac1 Kb8 22. Qe5+ 1-0

[Event "Manizales op 30th"]
[Site "Manizales"]
[Date "2025.01.11"]
[Round "6"]
[White "Villamil Alarcon, Hector Orlando"]
[Black "Pinzon, Luis Guillermo"]
[Result "1-0"]
[WhiteElo "1929"]
[BlackElo "1769"]
[PlyCount "125"]
[EventDate "2025.01.08"]
[EventType "tourn"]
[EventRounds "7"]
[EventCountry "COL"]
[SourceTitle "CB03_2025"]
[SourceDate "2025.01.15"]
[SourceVersion "1"]
[SourceVersionDate "2025.01.15"]
[SourceQuality "1"]

1. e4 c5 2. Nf3 Nc6 3. d4 cxd4 4. Nxd4 e5 5. Nb5 d6 6. c4 a6 7. N5c3 Nf6 8. Na3 Be7 9. Nc2 Be6 10. Be2 Qc7 11. 0-0 0-0 12. Nd5 Bxd5 13. exd5 Nb8 14. Ne3 g6 15. b3 Nbd7 16. Bb2 Rfe8 17. h4 Bf8 18. h5 Bg7 19. hxg6 hxg6 20. g3 Ne4 21. Bf3 Ndf6 22. Qc2 Ng5 23. Bg2 Rac8 24. Rac1 b6 25. Rfd1 Nh5 26. Qe2 Qd7 27. Qg4 Qxg4 28. Nxg4 f5 29. Nh2 f4 30. g4 Nf6 31. Ba3 Nf7 32. g5 Nh5 33. Be4 Kh7 34. Nf3 Bf8 35. Kg2 Kg7 36. Rg1 Be7 37. Kf1 Rc7 38. Ke2 Rec8 39. Kd2 a5 40. Kd3 Rb8 41. Bb2 Rbc8 42. Kd2 Ra7 43. a3 Rb8 44. Bd3 Kh7 45. Rh1 Kg7 46. Rcg1 Rh8 47. Bc3 Raa8 48. Rh4 Rae8 49. Rhg4 Rh7 50. Nh4 Nh8 51. b4 axb4 52. axb4 Ra8 53. c5 bxc5 54. bxc5 Ra2+ 55. Bc2 Kf7 56. Rb1 dxc5 57. Rb7 Ra6 58. Bxe5 Kg8 59. Rb8+ Bf8 60. d6 Nf7 61. Bb3 Ra7 62. Nxg6 Rg7 63. Nxf8 1-0

[Event "Pereira Fiestas de la Cosecha"]
[Site "Pereira"]
[Date "2022.08.28"]
[Round "10"]
[White "Pinzon, Luis Guillermo"]
[Black "Dominguez Rincon, Miller Duvan"]
[Result "0-1"]
[WhiteElo "1588"]
[BlackElo "2027"]
[PlyCount "46"]
[EventDate "2022.08.24"]
[EventType "swiss"]
[EventRounds "10"]
[EventCountry "COL"]
[SourceTitle "CBM 210 Extra"]
[Source "ChessBase"]
[SourceDate "2022.11.30"]
[SourceVersion "1"]
[SourceVersionDate "2022.11.30"]
[SourceQuality "1"]

1. e4 e5 2. Nf3 Nc6 3. d4 exd4 4. Nxd4 Bc5 5. Be3 Qf6 6. c3 Nge7 7. a3 d5 8. Bb5 Bb6 9. Nd2 0-0 10. Qa4 dxe4 11. Nxe4 Qe5 12. Nd2 Bxd4 13. cxd4 Nxd4 14. Bd3 Nef5 15. Nc4 Qe7 16. Nd2 Nxe3 17. Ne4 Nxg2+ 18. Kf1 Bh3 19. Qxd4 Nh4+ 20. Ke2 f5 21. Rhg1 Rad8 22. Bc4+ Kh8 23. Qe3 f4 0-1

[Event "Pereira Fiestas de la Cosecha"]
[Site "Pereira"]
[Date "2022.08.25"]
[Round "4"]
[White "Pinzon, Luis Guillermo"]
[Black "Vargas, Eduar Misael"]
[Result "0-1"]
[WhiteElo "1588"]
[BlackElo "1870"]
[PlyCount "104"]
[EventDate "2022.08.24"]
[EventType "swiss"]
[EventRounds "10"]
[EventCountry "COL"]
[SourceTitle "CBM 210 Extra"]
[Source "ChessBase"]
[SourceDate "2022.11.30"]
[SourceVersion "1"]
[SourceVersionDate "2022.11.30"]
[SourceQuality "1"]

1. e4 c5 2. Nf3 d6 3. d4 cxd4 4. Nxd4 Nf6 5. Nc3 Nc6 6. Bb5 Bd7 7. h3 g6 8. Be3 Bg7 9. Qd2 0-0 10. Be2 a6 11. Nf3 b5 12. a3 Na5 13. 0-0 Qc7 14. Rac1 Rac8 15. Bh6 Nc4 16. Bxc4 Qxc4 17. e5 dxe5 18. Nxe5 Qc7 19. Bf4 Qb7 20. Rfe1 Be6 21. Bh6 Rfd8 22. Qe3 Bh8 23. Nf3 Qc7 24. Ng5 Rd6 25. Qg3 Nh5 26. Nxe6 fxe6 27. Qg4 Bxc3 28. bxc3 Nf6 29. Qf3 Qxc3 30. Qb7 Kf7 31. Re3 Qc6 32. Qxc6 Rdxc6 33. c3 Rc4 34. Rf3 e5 35. Re3 R8c5 36. Rd3 e4 37. Rd8 Rxc3 38. Ra1 Rc6 39. Bd2 Rd3 40. Rxd3 exd3 41. Kf1 Ne4 42. Ke1 Rc4 43. f3 Nc5 44. Kf2 Rc2 45. Rd1 Ke6 46. Ke3 Kd5 47. Bb4 Re2+ 48. Kf4 Ne6+ 49. Kg3 Kc4 50. Rc1+ Rc2 51. Re1 Nd4 52. Rxe7 Nf5+ 0-1

[Event "COL-ch U1700"]
[Site "Pereira"]
[Date "2022.02.18"]
[Round "4"]
[White "Pinzon, Luis Guillermo"]
[Black "Zambrano Vargas, Jesus Andres"]
[Result "0-1"]
[WhiteElo "1567"]
[BlackElo "1643"]
[PlyCount "94"]
[EventDate "2022.02.16"]
[EventType "swiss"]
[EventRounds "9"]
[EventCountry "COL"]
[SourceTitle "CBM 207 Extra"]
[Source "ChessBase"]
[SourceDate "2022.05.31"]
[SourceVersion "1"]
[SourceVersionDate "2022.05.31"]
[SourceQuality "1"]

1. e4 e5 2. Nf3 Nf6 3. Bc4 Nc6 4. c3 Nxe4 5. d4 d5 6. Bb5 Bg4 7. Bxc6+ bxc6 8. Qa4 Qf6 9. dxe5 Qg6 10. Nh4 Qe6 11. f3 g5 12. fxe4 gxh4 13. h3 Bh5 14. 0-0 Bc5+ 15. Kh1 0-0 16. exd5 cxd5 17. Qxh4 Bg6 18. Bf4 Rab8 19. b4 Be7 20. Bg5 Bxg5 21. Qxg5 Rbe8 22. Nd2 Qxe5 23. Qxe5 Rxe5 24. Rae1 Rfe8 25. Rxe5 Rxe5 26. Nb3 Re2 27. a4 Be4 28. Rg1 Re3 29. Kh2 Rxc3 30. Nc5 Rc4 31. Nxe4 Rxe4 32. Rb1 Kg7 33. Kg3 Kg6 34. Kf3 h5 35. a5 Kf5 36. b5 Ra4 37. b6 Ra3+ 38. Kf2 cxb6 39. axb6 axb6 40. Rxb6 f6 41. Rd6 Ke5 42. Rd8 d4 43. Rh8 Kf4 44. Rxh5 Ra2+ 45. Ke1 Ke3 46. Kd1 d3 47. Rc5 Ra1+ 0-1

[Event "COL-ch U1700"]
[Site "Pereira"]
[Date "2022.02.18"]
[Round "5"]
[White "Ramirez, Cristian Camilo"]
[Black "Pinzon, Luis Guillermo"]
[Result "1/2-1/2"]
[WhiteElo "1780"]
[BlackElo "1567"]
[PlyCount "162"]
[EventDate "2022.02.16"]
[EventType "swiss"]
[EventRounds "9"]
[EventCountry "COL"]
[SourceTitle "CBM 207 Extra"]
[Source "ChessBase"]
[SourceDate "2022.05.31"]
[SourceVersion "1"]
[SourceVersionDate "2022.05.31"]
[SourceQuality "1"]

1. d4 d5 2. c4 Nf6 3. Nf3 c6 4. Nc3 g6 5. cxd5 cxd5 6. Bf4 a6 7. h3 Bg7 8. e3 Nc6 9. Bd3 0-0 10. 0-0 Bd7 11. Bh2 Rc8 12. Ne5 Be8 13. Re1 e6 14. Qb3 b5 15. Rac1 Nxe5 16. Bxe5 Bc6 17. a4 bxa4 18. Nxa4 Bxa4 19. Qxa4 Ra8 20. Bc7 Qd7 21. Rc6 Rfc8 22. Qc2 Ne8 23. Rc1 Nxc7 24. Rxc7 Rxc7 25. Qxc7 Qxc7 26. Rxc7 Bf8 27. Rb7 a5 28. Kf1 Bb4 29. Rc7 Rb8 30. Rc2 Kg7 31. Ke2 Kf6 32. Kf3 Rb7 33. h4 h5 34. Kf4 Bd6+ 35. Kf3 e5 36. dxe5+ Bxe5 37. Rc5 Rxb2 38. Rxa5 Ke6 39. Ra3 Bd6 40. Ra6 Ke5 41. g3 Rb3 42. Ke2 Rb2+ 43. Kf1 Rb7 44. Kg2 Rb3 45. Be2 Bc5 46. Rc6 Bd6 47. Ra6 Rb4 48. Ra7 Ke6 49. Ra5 d4 50. e4 Rb7 51. Bd3 Rc7 52. Ra4 Be5 53. f4 Bg7 54. e5 Kd5 55. Ra5+ Ke6 56. Ra6+ Kd5 57. Ra5+ Ke6 58. Kf2 Bf8 59. Be4 Bb4 60. Ra6+ Ke7 61. Ra4 Bc3 62. Ke2 Rd7 63. Kd3 Be1 64. f5 gxf5 65. Bxf5 Rd8 66. Ra7+ Kf8 67. Ra6 Kg7 68. Ra7 Kf8 69. Ra6 Bxg3 70. Ke4 Bxh4 71. Rh6 d3 72. Rxh5 d2 73. Bg4 Be1 74. Bd1 Ke7 75. Rh7 Rb8 76. Bh5 Rf8 77. Kf5 Bg3 78. e6 Kd6 79. exf7 Ke7 80. Kg6 Be5 81. Rh6 Rxf7 1/2-1/2

[Event "Manizales Las Americas op-C"]
[Site "Manizales"]
[Date "2021.10.18"]
[Round "8"]
[White "Pinzon, Luis Guillermo"]
[Black "Suaza Sanabria, Laura Sofia"]
[Result "1/2-1/2"]
[WhiteElo "1581"]
[BlackElo "1418"]
[PlyCount "65"]
[EventDate "2021.10.14"]
[EventType "swiss"]
[EventRounds "9"]
[EventCountry "COL"]
[SourceTitle "EXT 2023"]
[Source "ChessBase"]
[SourceDate "2022.10.05"]
[SourceVersion "1"]
[SourceVersionDate "2022.10.05"]
[SourceQuality "1"]

1. e4 d6 2. Nf3 Nf6 3. Nc3 Nbd7 4. d4 e5 5. Bc4 h6 6. h3 c6 7. a3 Qc7 8. Ba2 Be7 9. Be3 Nf8 10. Qd2 Ng6 11. Ne2 Nxe4 12. Qc1 Nh4 13. Nxh4 Bxh4 14. dxe5 dxe5 15. 0-0 Qd6 16. f3 Ng3 17. Nxg3 Bxg3 18. f4 0-0 19. fxe5 Bxe5 20. Rf3 Bd4 21. c3 Bxe3+ 22. Qxe3 Be6 23. Bb1 Bd5 24. Qd3 g6 25. Rg3 Rad8 26. Bc2 Bc4 27. Qf3 Qc5+ 28. Kh1 Qd5 29. Be4 Qd6 30. Bc2 Qd2 31. Be4 Bd5 32. Rf1 Bxe4 33. Qxe4 1/2-1/2

[Event "COL pre olympic sf3"]
[Site "Dosquebradas"]
[Date "2018.06.03"]
[Round "8"]
[White "Lopez Rayo, Isabella"]
[Black "Pinzon, Luis Guillermo"]
[Result "0-1"]
[WhiteElo "1456"]
[BlackElo "1650"]
[PlyCount "78"]
[EventDate "2018.05.30"]
[EventType "swiss"]
[EventRounds "10"]
[EventCountry "COL"]
[SourceTitle "CBM 184 Extra"]
[Source "ChessBase"]
[SourceDate "2018.06.28"]
[SourceVersion "1"]
[SourceVersionDate "2018.06.28"]
[SourceQuality "1"]

1. e4 c5 2. Nf3 Nc6 3. d4 cxd4 4. Nxd4 Nxd4 5. Qxd4 e6 6. Nc3 Ne7 7. Nb5 d5 8. Bf4 Nc6 9. Nc7+ Qxc7 10. Qe3 Qa5+ 11. c3 d4 12. Qg3 e5 13. Bd2 Qc7 14. Bb5 Bd7 15. Rc1 d3 16. Bxd3 Qd6 17. 0-0 Qg6 18. Qf3 Be7 19. Be2 0-0 20. Rfd1 Be6 21. b3 Bc5 22. b4 Bb6 23. a3 f5 24. Be1 fxe4 25. Qg3 Qxg3 26. hxg3 Rad8 27. c4 Nd4 28. Bf1 Bg4 29. Rd2 Nb3 30. Rxd8 Rxd8 31. Rb1 Nd2 32. Rb2 Nxf1 33. Kxf1 Bd4 34. Rd2 Rc8 35. c5 Bf5 36. Rd1 Be6 37. Rc1 Bb2 38. Rd1 Bc4+ 39. Kg1 Bd3 0-1

[Event "COL pre olympic sf3"]
[Site "Dosquebradas"]
[Date "2018.06.02"]
[Round "7"]
[White "Pinzon, Luis Guillermo"]
[Black "Medina Barrios, Lina Maria"]
[Result "1-0"]
[WhiteElo "1650"]
[BlackElo "1515"]
[PlyCount "55"]
[EventDate "2018.05.30"]
[EventType "swiss"]
[EventRounds "10"]
[EventCountry "COL"]
[SourceTitle "CBM 184 Extra"]
[Source "ChessBase"]
[SourceDate "2018.06.28"]
[SourceVersion "1"]
[SourceVersionDate "2018.06.28"]
[SourceQuality "1"]

1. e4 c5 2. Nf3 e6 3. d4 cxd4 4. Nxd4 a6 5. Nc3 Qc7 6. Bd3 Bc5 7. Nf3 Nf6 8. e5 Ng4 9. Bf4 d6 10. exd6 Bxd6 11. Bg3 Nf6 12. a3 0-0 13. Bxd6 Qd8 14. Bxf8 Qxf8 15. Ne4 Nbd7 16. Nxf6+ Nxf6 17. 0-0 b5 18. Ng5 Bb7 19. Qe2 g6 20. Ne4 Nd5 21. Qd2 Rd8 22. Rad1 Qe7 23. Qh6 f6 24. Rfe1 e5 25. Bf1 Rc8 26. c3 Nf4 27. Nd6 Rb8 28. Qxf4 1-0

[Event "COL pre olympic sf3"]
[Site "Dosquebradas"]
[Date "2018.05.31"]
[Round "2"]
[White "Ojeda, Jesus David"]
[Black "Pinzon, Luis Guillermo"]
[Result "1-0"]
[WhiteElo "2106"]
[BlackElo "1650"]
[PlyCount "71"]
[EventDate "2018.05.30"]
[EventType "swiss"]
[EventRounds "10"]
[EventCountry "COL"]
[SourceTitle "CBM 184 Extra"]
[Source "ChessBase"]
[SourceDate "2018.06.28"]
[SourceVersion "1"]
[SourceVersionDate "2018.06.28"]
[SourceQuality "1"]

1. d4 d5 2. Bf4 e6 3. e3 Nf6 4. Nf3 Be7 5. Bd3 Nc6 6. c3 a6 7. Nbd2 Bd7 8. h3 Qc8 9. g4 Na7 10. Ne5 Bd6 11. g5 Ne4 12. Nxe4 dxe4 13. Bxe4 Bxe5 14. Bxe5 Kf8 15. c4 Nc6 16. Bf4 Ne7 17. Qf3 c6 18. Bd6 Qd8 19. h4 Ke8 20. Be5 Kf8 21. h5 Nf5 22. h6 Rg8 23. Bxf5 exf5 24. hxg7+ Rxg7 25. Bxg7+ Kxg7 26. Qh5 Qh8 27. Qh6+ Kg8 28. Qd6 Be6 29. g6 Qf6 30. gxh7+ Kh8 31. 0-0-0 Rd8 32. Rdg1 Re8 33. Rg8+ Rxg8 34. hxg8Q+ Kxg8 35. Qb8+ Kg7 36. Qh8+ 1-0

[Event "Villamaria op 2nd"]
[Site "Villamaria"]
[Date "2016.07.03"]
[Round "3"]
[White "Ossa Quintero, Vladimir Andrey"]
[Black "Pinzon, Luis Guillermo"]
[Result "1-0"]
[WhiteElo "1952"]
[BlackElo "1620"]
[PlyCount "77"]
[EventDate "2016.07.02"]
[EventType "swiss"]
[EventRounds "7"]
[EventCountry "COL"]
[SourceTitle "CBM 173 Extra"]
[Source "ChessBase"]
[SourceDate "2016.08.29"]
[SourceVersion "1"]
[SourceVersionDate "2016.08.29"]
[SourceQuality "1"]

1. e4 e5 2. Nf3 d6 3. Bc4 Be7 4. d4 exd4 5. Nxd4 Nf6 6. Nc3 0-0 7. 0-0 Nbd7 8. Be3 Ne5 9. Be2 c6 10. h3 d5 11. f4 Ng6 12. e5 Ne4 13. Nxe4 dxe4 14. Qe1 f5 15. Bc4+ Kh8 16. Rd1 Qc7 17. a4 a6 18. a5 c5 19. Nb3 b5 20. axb6 Qxb6 21. Qf2 Bb7 22. Nxc5 Bxc5 23. Bxc5 Qxb2 24. Rb1 Qc3 25. Bxf8 Rxf8 26. Rxb7 Qxc4 27. Qa7 Rg8 28. Rb8 Qxc2 29. Rxg8+ Kxg8 30. Qa8+ Nf8 31. Qd5+ Kh8 32. e6 Qc7 33. Rb1 e3 34. Qxf5 Qd6 35. Rb6 Qd8 36. Qc5 Ng6 37. Qxe3 Nxf4 38. e7 Nxh3+ 39. Kh2 1-0